00593cam a22002177a 4500003000500000005001700005008004100022010001000063011001000073035001000083040000900093082001700102100005900119245006300178260003900241300001000280490001400290650002800304650002900332830001400361CHAP20220817041946.0971013s1954 r 00010 d a30034 a31006 a35118 cCHAP a332.67bN32c00aNaciones Unidas. Departamento de Asuntos Económicos.13aLa corriente internacional de capitales privados 1946-1952 aNew York :bNaciones Unidas,c1954 a70 p. 0aST/ECA/2214aDesarrollo económico.14aInversiones extranjeras.0 aST/ECA/22